| 000 | 006750000a22002410004500 | ||
|---|---|---|---|
| 003 | LK-CoMWRAF | ||
| 005 | 20240229115754.0 | ||
| 008 | 230817t1970 ||||| |||| 00| 0 eng d | ||
| 040 |
_aLK-CoMWRAF _dLK-CoMWRAF _eLK-CoMWRAF |
||
| 041 | _aeng | ||
| 082 |
_a303.62 _bSYM |
||
| 245 | _aA symposium on the 1915 communal riots | ||
| 260 |
_aColombo: _bMichael Roberts, _c1970 |
||
| 300 | _a121 p. | ||
| 490 | _aCeylon studies seminar 1969 /70 series | ||
| 650 | _aCOMMUNAL RIOTS-Sri Lanka | ||
| 700 | _aKearney, Robert, N. | ||
| 700 | _aJayawardena, Kumari | ||
| 700 | _aBlackton, Charles, S. | ||
| 700 | _aFernando, F.T.M. | ||
| 700 | _aRoberts, Michael | ||
| 942 | _cCP | ||
| 999 |
_c3040 _d3040 |
||